00495nam a2200193Ia 4500008004100000020002200041050001600063050001400079245003400093260001300127260002800140260000900168300001600177300002800193300001100221500002000232650003000252650001900282180920s9999 xx 000 0 und d a978-1-912286-46-1 aREF AG 243  b.G85 2018 0aGuinness world records 2019 / aLondon : bGuinness World Records, c2018 a255 pages : bcolored illustrations ; c31 cm. aIncludes index. aCuriousities and wonders. xWorld records.